00539 2200169 4500001002100000005001500021035002000036007000300056008003900059082000700098084001300105100001900118245014700137260004600284650002400330990001500354INLIS00000000000988120260413012202 a0010-0426000201ta260413 | | |  a11 a11 AMI i0 aAMIRUL MOCHTAR1 aINDEKS KEPUASAN MASYARAKAT DALAM PELAYANAN PEMBUATAN SURAT KETERANGAN CATATAN KEPOLISIAN DI KEPOLISIAN SEKTOR KATINGAN KUALA /cAMIRUL MOCHTAR aPALANGKA RAYA :bPERPUSTAKAAN UMPR,c2026 4aKEPUASAN MASYARAKAT a2311229052